[Event "Quebec Carnaval op"]
[Site "Quebec"]
[Date "2005.02.20"]
[Round "5"]
[White "Sara Bournet, Marc"]
[Black "Berube, Antoine"]
[Result "0-1"]
[WhiteElo "1760"]
[BlackElo "2125"]
[PlyCount "72"]
[EventDate "2005.02.??"]
[EventType "swiss"]
[EventRounds "5"]
[EventCountry "CAN"]
[SourceTitle "EXT 2006"]
[Source "ChessBase"]
[SourceDate "2005.11.24"]
[SourceVersion "1"]
[SourceVersionDate "2005.11.24"]
[SourceQuality "1"]

1. e4 c5 2. Nc3 Nc6 3. f4 g6 4. Nf3 Bg7 5. Bc4 e6 6. f5 Nge7 7. d3 d5 8. Bb3 dxe4 9. Nxe4 Nxf5 10. Nxc5 Qa5+ 11. c3 Qxc5 12. d4 Qb6 13. 0-0 0-0 14. g4 Nd6 15. Kg2 Na5 16. Ba4 Qa6 17. Bc2 Bd7 18. Bf4 Bc6 19. Kg1 Be4 20. Bxe4 Nxe4 21. Qe1 Nf6 22. Qh4 Nc4 23. b3 Nb6 24. Be5 Nbd7 25. Ng5 h6 26. Nh3 Nxe5 27. dxe5 Qb6+ 28. Kg2 Qc6+ 29. Rf3 Nh7 30. Re1 Rad8 31. Qf2 Rd3 32. Ree3 Rxe3 33. Qxe3 Rd8 34. c4 Ng5 35. Nxg5 hxg5 36. Qxg5 Rd3 0-1